[Event "Nacional Masters POR 2017-18"]
[Site "Cascais"]
[Date "2018.08.13"]
[Round "4"]
[White "Dias, Paulo"]
[Black "Martins, David Pires Tavares"]
[Result "1-0"]
[WhiteElo "2328"]
[BlackElo "2397"]
[Annotator "TA"]
[PlyCount "95"]
[EventDate "2018.08.11"]
[EventType "tourn"]
[EventCountry "POR"]
[SourceTitle "playchess.com"]
[Source "ChessBase"]
[SourceQuality "1"]

{[%evp 23,95,-6,2,-15,-17,-11,0,0,0,0,0,0,0,0,93,0,214,135,143,138,145,140,138,138,141,137,145,144,195,140,140,56,133,138,140,135,135,139,154,152,152,152,152,139,141,139,157,120,148,148,162,148,148,148,293,276,337,329,420,417,572,572,1315,1177,1137,1050,5177,5334,5198,4260,1802,912,2435,513]} 1. d4 e6 2. c4 Nf6 3. Nf3 b6 4. Nc3 Bb4 5. Bg5 {[%cal Bc1g5,Bg5h4,Bh4g3][%mdl 32]} Bb7 6. e3 h6 7. Bh4 g5 8. Bg3 Ne4 9. Qc2 f5 10. Bd3 O-O 11. O-O Bxc3 12. bxc3 d6 {LiveBook: 6 Partien. E13: Damenindisch (5.Lg5)} 13. d5 Nc5 14. Nd4 f4 {Die Stellung ist ausgeglichen.} 15. exf4 gxf4 {[#]} 16. Nxe6 $146 ({Ein No Go ist} 16. Be2 Kh8 $17) ({Vorgänger:} 16. Be2 Kh8 17. Nxe6 Nxe6 18. dxe6 Qg5 19. h4 Qg7 20. e7 Re8 21. Rad1 fxg3 22. Rd4 Nd7 23. Rg4 Qxe7 24. Rg6 Qe4 25. Rxh6+ Kg7 26. Qxe4 Rxe4 {0-1 (26) Ivanov,S (2550)-Sipila,V (2425) Stockholm 2013}) 16... Nxe6 17. dxe6 {Le4 ist eine echte Drohung.} Nc6 18. Be4 $1 {[%cal Re4c6] Droht Lxc6 und aus.} ({Natürlich nicht} 18. Qd2 fxg3 19. Qxh6 Qe7 $15) 18... Kg7 {[#]} (18... fxg3 $11 19. Bxc6 gxh2+ 20. Kh1 Bxc6 21. Qg6+ Kh8 22. Qxh6+ Kg8 23. Qg6+ Kh8 24. Qh6+ Kg8 25. Qg6+ Kh8 26. Qh6+) 19. Rae1 (19. Qa4 $1 $16) 19... Qf6 $2 (19... Qe7 $11 {und Schwarz muss sich keine Sorgen machen.}) 20. e7 $36 {[%mdl 2048] Schwarz steht unter starkem Druck.} Rf7 21. Bd5 Rxe7 22. Rxe7+ Nxe7 23. Bxb7 Rf8 24. Re1 fxg3 25. hxg3 c6 (25... Rf7 $16 26. Re4 Ng6) 26. Qe2 ({Besser ist} 26. Re4 $18) 26... Rf7 $16 27. Qf3 (27. Qd2 $16) 27... Qg5 (27... h5 $14) 28. Qe4 Qd2 29. Qd4+ Qxd4 30. cxd4 {[%mdl 4096] Endspiel KTL-KTS} Nf5 31. Bxc6 Nxd4 32. Bd5 Rc7 33. g4 Nc2 34. Re6 Na3 35. Re4 b5 36. cxb5 Nxb5 37. Re6 Rc5 38. Bb3 Rc1+ (38... Re5 $16 {ist wohl besser.} 39. Rxe5 dxe5) 39. Kh2 $18 Rc7 40. f4 Nd4 41. Rxd6 Nxb3 42. axb3 {KT-KT. Weiß steht klar auf Gewinn.} Rc3 43. Rd7+ Kf6 44. Rxa7 Rxb3 45. Ra6+ Kg7 46. g3 Rb5 47. Kh3 Rc5 48. Re6 {Precision: Weiß = 57%, Schwarz = 23%.} (48. Kh4 $142 Rb5 49. f5) 1-0

[Event "Nacional Masters POR 2017-18"]
[Site "Cascais"]
[Date "2018.08.13"]
[Round "4"]
[White "Padeiro, Jose Joao Tato"]
[Black "Santos, Jose Alves"]
[Result "1-0"]
[WhiteElo "2241"]
[BlackElo "2118"]
[Annotator "ChessBase"]
[PlyCount "134"]
[EventDate "2018.08.11"]
[EventType "tourn"]
[EventCountry "POR"]
[SourceTitle "playchess.com"]
[Source "ChessBase"]
[SourceQuality "1"]
[TimeControl "5400+30"]

1. d4 {[%emt 0:00:00]} d5 {[%emt 0:04:10]} 2. Nf3 {[%emt 0:00:00]} c6 {[%emt 0:00:07]} 3. c4 {[%emt 0:00:00]} e6 {[%emt 0:00:07]} 4. Nc3 {[%emt 0:03:49]} Be7 {[%emt 0:00:58]} 5. Bf4 {[%emt 0:00:26]} f5 {[%emt 0:00:10]} 6. e3 {[%emt 0:00:51]} Nf6 {[%emt 0:00:07]} 7. Qc2 {[%emt 0:00:57]} O-O {[%emt 0:00:55]} 8. O-O-O {[%emt 0:04:32]} Bd7 {[%emt 0:07:33]} 9. Ne5 {[%emt 0:01:34]} Na6 {[%emt 0:08:02]} 10. f3 {[%emt 0:01:54]} Nb4 {[%emt 0:05:06]} 11. Qb3 {[%emt 0:02:20]} Qc8 {[%emt 0:24:40]} 12. Kb1 {[%emt 0:09:37]} dxc4 {[%emt 0:05:18]} 13. Bxc4 {[%emt 0:01:42]} Nbd5 {[%emt 0:00:23]} 14. Rhe1 {[%emt 0:09:06]} b5 {[%emt 0:03:54]} 15. Bxd5 {[%emt 0:04:19]} Nxd5 {[%emt 0:00:35]} 16. Nxd5 {[%emt 0:00:21]} exd5 {[%emt 0:08:39]} 17. Rc1 {[%emt 0:00:13]} a5 {[%emt 0:03:23]} 18. a4 {[%emt 0:14:45]} g5 {[%emt 0:13:56]} 19. Bg3 {[%emt 0:07:22]} f4 {[%emt 0:06:38]} 20. exf4 {[%emt 0:01:24]} gxf4 {[%emt 0:00:36]} 21. Bf2 {[%emt 0:04:31]} Bb4 {[%emt 0:00:54]} 22. Rg1 {[%emt 0:04:25]} Bd2 {[%emt 0:01:02]} 23. Rcd1 {[%emt 0:01:03]} bxa4 {[%emt 0:01:05]} 24. Qxa4 {[%emt 0:02:13]} Bb4 {[%emt 0:00:44]} 25. g3 {[%emt 0:00:06]} Be8 {[%emt 0:00:16]} 26. gxf4+ {[%emt 0:08:11]} Kh8 {[%emt 0:00:01]} 27. Qc2 {[%emt 0:00:18]} Rb8 {[%emt 0:01:38]} 28. Ka1 {[%emt 0:02:43]} Bd6 {[%emt 0:01:15]} 29. f5 {[%emt 0:01:33]} Qxf5 {[%emt 0:00:45]} 30. Qxf5 {[%emt 0:00:31]} Rxf5 {[%emt 0:00:02]} 31. Bg3 {[%emt 0:02:21]} Rb4 {[%emt 0:00:01]} 32. Kb1 {[%emt 0:02:16]} Bb8 {[%emt 0:01:30]} 33. Rc1 {[%emt 0:04:44]} Rxd4 {[%emt 0:01:27]} 34. Nxc6 {[%emt 0:00:25]} Bxc6 {[%emt 0:00:29]} 35. Bxb8 {[%emt 0:01:19]} Rc4 36. Rce1 {[%emt 0:00:26]} h5 {[%emt 0:00:58]} 37. Re7 {[%emt 0:01:34]} d4 {[%emt 0:00:35]} 38. Be5+ {[%emt 0:02:34]} Rxe5 {[%emt 0:00:18]} 39. Rxe5 {[%emt 0:00:04]} Bxf3 {[%emt 0:00:18]} 40. Rc1 {[%emt 0:00:58]} Rb4 {[%emt 0:00:35]} 41. Rf1 {[%emt 0:01:36]} Bg4 {[%emt 0:00:48]} 42. h3 {[%emt 0:00:13]} Bd7 {[%emt 0:00:17]} 43. Rxh5+ {[%emt 0:00:42]} Kg7 {[%emt 0:00:01]} 44. Rxa5 {[%emt 0:00:55]} Bxh3 45. Ra7+ {[%emt 0:00:38]} Kg6 {[%emt 0:00:43]} 46. Rg1+ {[%emt 0:00:28]} Kf6 {[%emt 0:00:10]} 47. Ra5 {[%emt 0:00:45]} d3 {[%emt 0:00:39]} 48. Rd1 {[%emt 0:00:21]} Rf4 {[%emt 0:00:22]} 49. Rxd3 {[%emt 0:00:33]} Bf5 {[%emt 0:00:01]} 50. Rxf5+ {[%emt 0:00:06]} Kxf5 {[%emt 0:00:06]} 51. Re3 {[%emt 0:00:12]} Rb4 {[%emt 0:01:14]} 52. Kc2 {[%emt 0:00:18]} Rc4+ {[%emt 0:00:12]} 53. Kd3 {[%emt 0:00:27]} Rb4 {[%emt 0:00:22]} 54. Kc3 {[%emt 0:00:03]} Rb8 {[%emt 0:00:03]} 55. b4 {[%emt 0:00:12]} Rc8+ {[%emt 0:00:11]} 56. Kd4 {[%emt 0:00:16]} Rd8+ {[%emt 0:00:09]} 57. Kc5 {[%emt 0:00:14]} Rc8+ {[%emt 0:00:00]} 58. Kd6 {[%emt 0:00:38]} Rb8 {[%emt 0:01:15]} 59. Rb3 {[%emt 0:00:11]} Rd8+ {[%emt 0:03:09]} 60. Kc7 {[%emt 0:00:16]} Rd1 {[%emt 0:00:10]} 61. b5 {[%emt 0:00:54]} Rc1+ {[%emt 0:00:02]} 62. Kd6 {[%emt 0:01:10]} Rd1+ {[%emt 0:00:38]} 63. Kc5 {[%emt 0:00:16]} Rc1+ {[%emt 0:00:10]} 64. Kb4 {[%emt 0:00:55]} Ke6 {[%emt 0:00:07]} 65. Rd3 {[%emt 0:00:10]} Rb1+ {[%emt 0:01:54]} 66. Kc5 {[%emt 0:00:05]} Rc1+ {[%emt 0:00:34]} 67. Kb6 {[%emt 0:00:03]} Rb1 {[%emt 0:01:03]} 1-0

[Event "Nacional Masters POR 2017-18"]
[Site "Cascais"]
[Date "2018.08.13"]
[Round "4"]
[White "Martins, Bruno Andre Leite"]
[Black "Guerra, Vitor Manuel Vestia"]
[Result "1-0"]
[WhiteElo "2158"]
[BlackElo "2127"]
[Annotator "TA"]
[PlyCount "87"]
[EventDate "2018.08.11"]
[EventType "tourn"]
[EventCountry "POR"]
[SourceTitle "playchess.com"]
[Source "ChessBase"]
[SourceQuality "1"]

{[%evp 19,87,58,69,54,68,66,79,45,43,60,142,131,132,127,136,150,126,111,145,146,137,79,77,43,36,37,46,40,42,52,130,122,132,111,142,150,139,143,302,216,235,235,197,188,281,269,547,540,558,451,466,475,1029,776,912,881,1167,1155,1148,1146,1124,1044,29986,29985,29987,29988,29981,29981,29989,29990]} 1. e4 c5 2. Nf3 e6 3. d4 cxd4 4. Nxd4 a6 5. Bd3 Nc6 6. Nxc6 bxc6 7. O-O d5 8. c4 Nf6 9. Qa4 {B42: Sicilian: Kan Variation: 5 Bd3} Bd7 10. e5 Ng8 {LiveBook: 3 Games} 11. Nc3 $146 {White is slightly better.} ({Predecessor:} 11. Nd2 Ne7 12. Nf3 Ng6 13. Bg5 Be7 14. Bxe7 Qxe7 15. Rfe1 O-O 16. Rac1 c5 {1-0 (52) Efimenko,Z (2647)-Neverov,V (2516) Lvov 2015}) 11... f5 12. exf6 Nxf6 13. Bg5 Be7 14. Qc2 Kf7 (14... O-O $14) 15. Rfe1 g6 16. Rac1 Qa5 17. Bd2 Qd8 18. Na4 Bd6 19. Bc3 Re8 {[#]} 20. c5 (20. Qd2 $142 $1) 20... Bc7 21. Be5 Bxe5 22. Rxe5 Ng4 23. Re2 e5 {[#] White must now prevent ...e4.} 24. f3 $36 {[%mdl 2048] White is more active.} Nf6 ({Better is} 24... Nh6 $1 $14) 25. Nb6 $16 Ra7 26. Rce1 e4 27. fxe4 dxe4 28. Bxe4 Bf5 $2 (28... Rxe4 $16 {is a better defense.} 29. Rxe4 Nxe4) 29. Qc4+ Kg7 30. Bxf5 ({Don't take} 30. Bxc6 $6 Rxe2 31. Qxe2 Qc7 $16) 30... Rxe2 31. Qxe2 ({Weaker is} 31. Rxe2 Qd1+ 32. Kf2 gxf5 $14) 31... gxf5 (31... Qd4+ $142 32. Qe3 Qxe3+ 33. Rxe3 gxf5) 32. Qe5 $18 Qd3 $2 (32... Rf7 {might work better.} 33. h3 h5) 33. Nc8 Rd7 34. Nd6 {aiming for Ne8+.} Kg6 35. h3 Rxd6 (35... h6 $142 36. Qf4 Kh7) 36. Qxd6 {[%mdl 4096] Endgame KQR-KQN} Qc2 37. b4 Qxa2 38. Qxc6 Qd2 39. Qe6 Qxb4 40. c6 {[%cal Bc5c6,Bc6c7][%mdl 32]} Kg5 41. Qe3+ {White mates.} f4 42. Qe5+ Kg6 43. c7 Qc4 44. Rf1 {Precision: White = 77%, Black = 32%.} 1-0

[Event "Nacional Masters POR 2017-18"]
[Site "Cascais"]
[Date "2018.08.13"]
[Round "4"]
[White "Margarido, Jose Miguel Teixeir"]
[Black "Dias, Ivo Rodrigues"]
[Result "1/2-1/2"]
[WhiteElo "2081"]
[BlackElo "2164"]
[Annotator "TA"]
[PlyCount "46"]
[EventDate "2018.08.11"]
[EventType "tourn"]
[EventCountry "POR"]
[SourceTitle "playchess.com"]
[Source "ChessBase"]
[SourceQuality "1"]

{[%evp 14,46,58,61,72,31,58,49,54,54,56,35,52,19,21,21,21,22,12,20,49,42,41,-224,-222,-210,-204,-226,-226,-218,-209,-216,-216,-219,-208]} 1. e4 c6 2. Nc3 d5 3. Nf3 dxe4 4. Nxe4 Nd7 5. Bc4 e6 6. Qe2 Be7 7. d4 Ngf6 8. O-O O-O {B11: Caro-Kann: Two Knights Variation} 9. c3 $146 ({Predecessor:} 9. Bg5 Nxe4 10. Bxe7 Nc3 11. Bxd8 Nxe2+ 12. Bxe2 Rxd8 13. Rfd1 b6 14. Ne5 Nxe5 15. dxe5 Bb7 16. Bf3 {½-½ (36) Brinck Claussen,B (2375)-Sorensen,H (2265) Lyngby 1988}) 9... Qc7 10. Re1 c5 {White is slightly better.} 11. Neg5 {[#] Hoping for Nxe6!} Nb6 12. Bd3 Nbd5 13. Ne4 cxd4 14. Nxd4 Rd8 15. Bg5 h6 16. Nxf6+ Nxf6 17. Bh4 Bd7 18. Nf5 $2 {[%mdl 8192]} (18. Rad1 $14 {keeps the upper hand.}) 18... exf5 $19 {Black is clearly better.} 19. Qxe7 Re8 20. Bxf6 {[#] aiming for Be5.} ({Avoid the trap} 20. Bg3 $2 f4 $19) 20... Rxe7 21. Bxe7 Be6 22. Ba3 Rd8 23. Red1 a6 {Precision: White = 53%, Black = 88%.} 1/2-1/2

[Event "Nacional Masters POR 2017-18"]
[Site "Cascais"]
[Date "2018.08.13"]
[Round "4"]
[White "Horta, Antonio Mauricio Ri"]
[Black "Lavrador, Rodolfo M Mascarenh"]
[Result "1/2-1/2"]
[WhiteElo "1950"]
[BlackElo "1859"]
[Annotator "NA RC"]
[PlyCount "112"]
[EventDate "2018.08.11"]
[EventType "tourn"]
[EventCountry "POR"]
[SourceTitle "playchess.com"]
[Source "ChessBase"]
[SourceQuality "1"]
[TimeControl "5400+30"]

1. d4 {[%emt 0:00:00]} e6 {[%emt 0:00:16]} 2. Nf3 {[%emt 0:00:13]} d5 {[%emt 0:01:53]} 3. g3 {[%emt 0:00:08]} Nf6 {[%emt 0:00:32]} 4. Bg2 {[%emt 0:00:07]} Be7 {[%emt 0:00:17]} 5. O-O {[%emt 0:00:10]} O-O {[%emt 0:00:11]} 6. c4 {[%emt 0:00:17]} c6 {[%emt 0:00:38]} 7. Nc3 {[%emt 0:00:42]} Nbd7 {[%emt 0:01:04]} 8. Bf4 {[%emt 0:01:38]} Re8 {[%emt 0:03:59] E07: Closed Catalan: Main Line (5 Nf3 0-0 6 0-0 Nbd7)} (8... b6 9. cxd5 exd5 10. Rc1 Bb7 11. Qc2 Re8 12. Rfd1 Nf8 13. e4 dxe4 14. Ne5 Nd5 15. Nxe4 Ne6 16. Be3 Rc8 17. Qb3 Bf8 18. Nc3 Nxe3 19. fxe3 Rc7 20. Kh1 {1-0 (54) Dominguez Perez,L (2739)-Caruana,F (2807) Saint Louis 2017}) 9. Qd3 {[%emt 0:17:05]} Nf8 {[%emt 0:05:17]} 10. e4 $146 {[%emt 0:02:28]} ({Predecessor:} 10. Rad1 Ng6 11. Bc1 Qc7 12. h4 Bb4 13. a3 Bxc3 14. Qxc3 Ne4 15. Qc2 f5 16. h5 Nf8 {1-0 (38) Mirzaev,A (2271)-Parshakov,V (1918) Uljanovsk 2014}) 10... dxe4 {[%emt 0:06:52]} 11. Nxe4 {[%emt 0:00:15]} Ng6 $1 {[%emt 0:00:23]} 12. Be3 {[%emt 0:07:00]} e5 {[%emt 0:03:18]} 13. Rad1 {[%emt 0:26:58]} Nxe4 {[%emt 0:08:16]} 14. Qxe4 {[%emt 0:00:08]} f5 {[%emt 0:03:09]} 15. Qc2 {[%emt 0:01:05]} e4 $1 {[%emt 0:01:04]} 16. Ne5 {[%emt 0:00:05]} Nxe5 {[%emt 0:00:48]} 17. dxe5 {[%emt 0:00:02]} Qa5 {[%emt 0:00:35]} 18. Bd4 {[%emt 0:05:05]} Be6 {[%emt 0:04:54]} 19. b3 {[%emt 0:04:25]} Rad8 {[%emt 0:01:46]} 20. Kh1 {[%emt 0:03:06]} Bc5 {[%emt 0:08:19]} 21. Bc3 {[%emt 0:00:59]} Qb6 {[%emt 0:06:04]} 22. g4 {[%emt 0:07:58]} Rxd1 {[%emt 0:05:43]} 23. Rxd1 {[%emt 0:00:27]} Bxf2 {[%emt 0:01:43]} 24. gxf5 {[%emt 0:00:14]} Bxf5 {[%emt 0:26:33]} 25. Bxe4 {[%emt 0:00:18]} Bxe4+ {[%emt 0:01:16]} 26. Qxe4 {[%emt 0:00:01]} Qe3 {[%emt 0:02:15]} 27. Qxe3 {[%emt 0:01:31]} Bxe3 {[%emt 0:00:10]} 28. Rd7 {[%emt 0:00:05]} b5 {[%emt 0:01:32]} 29. Rc7 {[%emt 0:08:12]} Re6 {[%emt 0:00:22]} 30. Kg2 {[%emt 0:01:19]} bxc4 {[%emt 0:00:15]} 31. bxc4 {[%emt 0:00:08]} Bb6 {[%emt 0:01:13]} (31... Bf4 $11 {keeps the balance.}) 32. Rd7 {[%emt 0:00:26]} Kf8 {[%emt 0:00:30]} 33. Kf3 {[%emt 0:00:13]} c5 {[%emt 0:01:16]} 34. Ke4 {[%emt 0:00:28]} Re7 {[%emt 0:00:19]} 35. Rxe7 {[%emt 0:00:58]} Kxe7 {[%emt 0:00:07]} 36. Kd5 {[%emt 0:00:02]} g5 {[%emt 0:00:26]} 37. a4 {[%emt 0:00:10]} h5 {[%emt 0:01:09]} 38. a5 {[%emt 0:00:37]} Bc7 {[%emt 0:00:15]} 39. Kxc5 {[%emt 0:00:03]} Ke6 {[%emt 0:00:32]} 40. Kc6 {[%emt 0:00:47]} Bxe5 {[%emt 0:00:35]} 41. Bxe5 {[%emt 0:00:20]} Kxe5 42. c5 g4 {[%emt 0:00:54]} 43. Kd7 {[%emt 0:00:40]} h4 {[%emt 0:00:10]} 44. c6 {[%emt 0:00:04]} g3 {[%emt 0:00:11]} 45. hxg3 {[%emt 0:00:14]} hxg3 {[%emt 0:00:15]} 46. c7 {[%emt 0:00:02]} g2 {[%emt 0:00:15]} 47. c8=Q g1=Q {[%emt 0:00:35]} 48. Qc3+ {[%emt 0:01:24]} Kd5 {[%emt 0:01:42]} 49. Qc6+ {[%emt 0:01:01]} Ke5 {[%emt 0:00:41]} 50. Qd6+ {[%emt 0:00:46]} Ke4 {[%emt 0:00:29]} 51. Kc7 {[%emt 0:01:36]} Qg7+ $2 {[%emt 0:02:22]} (51... Qd4 $11) 52. Kb8 {[%emt 0:01:05]} Qf7 {[%emt 0:00:55]} 53. Qc7 {[%emt 0:00:18]} Qxc7+ {[%emt 0:00:37]} 54. Kxc7 {[%emt 0:00:06]} Kd5 {[%emt 0:00:02]} 55. a6 $11 {[%emt 0:00:22]} Kc5 {[%emt 0:00:11]} 56. Kb7 {[%emt 0:00:02]} Kd6 1/2-1/2

[Event "Nacional Masters POR 2017-18"]
[Site "Cascais"]
[Date "2018.08.14"]
[Round "5"]
[White "Martins, David Pires Tavares"]
[Black "Margarido, Jose Miguel Teixeir"]
[Result "1/2-1/2"]
[WhiteElo "2397"]
[BlackElo "2081"]
[Annotator "NA"]
[PlyCount "92"]
[EventDate "2018.08.11"]
[EventType "tourn"]
[EventCountry "POR"]
[SourceTitle "playchess.com"]
[Source "ChessBase"]
[SourceQuality "1"]
[TimeControl "5400+30"]

1. g3 {[%emt 0:00:00]} Nf6 {[%emt 0:00:01]} 2. Bg2 {[%emt 0:00:03]} d5 {[%emt 0:00:34]} 3. f4 {[%emt 0:00:08]} g6 {[%emt 0:00:38]} 4. Nf3 {[%emt 0:02:37]} Bg7 {[%emt 0:00:05]} 5. O-O {[%emt 0:00:08]} O-O {[%emt 0:00:07]} 6. d3 {[%emt 0:00:05]} c5 {[%emt 0:02:35]} 7. c3 {[%emt 0:00:28]} Nc6 {[%emt 0:00:47]} 8. Na3 {[%emt 0:00:08]} b6 {[%emt 0:01:20]} 9. Qe1 {[%emt 0:01:58]} Ba6 {[%emt 0:03:20]} 10. h3 {[%emt 0:01:22]} Rc8 {[%emt 0:01:38]} 11. Rb1 {[%emt 0:01:08]} e6 {[%emt 0:12:09]} 12. Nc2 {[%emt 0:01:55]} c4 {[%emt 0:05:48]} 13. d4 {[%emt 0:04:56]} Ne4 {[%emt 0:00:52]} 14. Ng5 {[%emt 0:00:15]} Nxg5 {[%emt 0:00:39]} 15. fxg5 {[%emt 0:00:06]} e5 {[%emt 0:11:05]} 16. dxe5 {[%emt 0:00:50]} d4 {[%emt 0:00:27]} 17. Bxc6 {[%emt 0:01:51]} Rxc6 {[%emt 0:00:52]} 18. Nxd4 {[%emt 0:00:26]} Rc5 {[%emt 0:07:20]} 19. Bf4 {[%emt 0:01:09]} Bb7 {[%emt 0:01:50]} 20. Rd1 {[%emt 0:01:03]} Qe7 {[%emt 0:05:47]} 21. Nf3 {[%emt 0:00:51]} Bxf3 {[%emt 0:01:04]} 22. exf3 {[%emt 0:02:28]} Bxe5 {[%emt 0:01:35]} 23. Be3 {[%emt 0:01:21]} Bxg3 {[%emt 0:02:50]} 24. Qxg3 {[%emt 0:07:38]} Qxe3+ {[%emt 0:00:08]} 25. Kh1 {[%emt 0:00:08]} Rxg5 {[%emt 0:02:18]} 26. Qf2 {[%emt 0:00:08]} Qe6 {[%emt 0:02:01]} 27. Kh2 {[%emt 0:00:17]} Re5 {[%emt 0:01:35]} 28. Rfe1 $17 {[%emt 0:01:04]} Re8 {[%emt 0:01:09]} 29. Rxe5 {[%emt 0:00:38]} Qxe5+ {[%emt 0:00:01]} 30. Kg2 {[%emt 0:00:48]} Qg5+ {[%emt 0:01:38]} 31. Kh1 {[%emt 0:03:55]} Re3 {[%emt 0:09:16]} 32. Re1 {[%emt 0:00:16]} Rd3 {[%emt 0:03:03]} 33. Re2 {[%emt 0:02:22]} h5 {[%emt 0:03:23]} 34. h4 {[%emt 0:00:40]} Qd5 {[%emt 0:05:03]} 35. Kg2 {[%emt 0:00:14]} Kg7 {[%emt 0:00:29]} 36. Qg3 {[%emt 0:02:26]} a5 {[%emt 0:02:29]} 37. Qf4 {[%emt 0:00:28]} b5 {[%emt 0:06:11]} 38. a3 {[%emt 0:03:33]} Qd6 {[%emt 0:01:58]} 39. Kg3 {[%emt 0:02:05]} Qxf4+ {[%emt 0:01:45]} 40. Kxf4 {[%emt 0:00:09]} Kf6 {[%emt 0:00:24]} 41. Ke4 {[%emt 0:00:51]} Rd1 {[%emt 0:01:02]} 42. Kf4 {[%emt 0:00:59]} Rd5 {[%emt 0:01:15]} 43. Rg2 {[%emt 0:02:08]} Ke6 {[%emt 0:00:39]} 44. Re2+ {[%emt 0:00:10]} Kf6 {[%emt 0:01:42]} 45. Rg2 {[%emt 0:00:05]} Ke6 {[%emt 0:00:58]} 46. Re2+ {[%emt 0:00:04]} Kf6 {[%emt 0:00:29]} 1/2-1/2

[Event "Nacional Masters POR 2017-18"]
[Site "Cascais"]
[Date "2018.08.14"]
[Round "5"]
[White "Santos, Antonio Pereira"]
[Black "Dias, Paulo Jorge Guimara"]
[Result "0-1"]
[WhiteElo "2194"]
[BlackElo "2328"]
[Annotator "NA"]
[PlyCount "56"]
[EventDate "2018.08.11"]
[EventType "tourn"]
[EventCountry "POR"]
[SourceTitle "playchess.com"]
[Source "ChessBase"]
[SourceQuality "1"]
[TimeControl "5400+30"]

1. d4 {[%emt 0:11:23]} e6 {[%emt 0:00:00]} 2. Nf3 {[%emt 0:00:23]} Nf6 {[%emt 0:05:10]} 3. c4 {[%emt 0:00:24]} c5 {[%emt 0:01:31]} 4. d5 {[%emt 0:00:14]} exd5 {[%emt 0:00:42]} 5. cxd5 {[%emt 0:00:03]} d6 {[%emt 0:00:18]} 6. Nc3 {[%emt 0:00:08]} g6 {[%emt 0:00:47]} 7. e4 {[%emt 0:00:12]} Bg7 {[%emt 0:00:09]} 8. Be2 {[%emt 0:00:12]} O-O {[%emt 0:00:44]} 9. O-O {[%emt 0:00:07]} Qe7 {[%emt 0:02:49]} 10. Nd2 {[%emt 0:02:02]} Na6 {[%emt 0:01:25]} 11. f3 {[%emt 0:14:02]} Nc7 {[%emt 0:02:35]} 12. a4 {[%emt 0:00:08]} b6 {[%emt 0:10:22]} 13. Nc4 {[%emt 0:16:01]} Nd7 {[%emt 0:06:31]} 14. Bf4 {[%emt 0:03:38]} Ne5 {[%emt 0:02:55]} 15. Bxe5 {[%emt 0:00:22]} Bxe5 {[%emt 0:00:15]} 16. Nxe5 {[%emt 0:00:07]} Qxe5 {[%emt 0:00:11]} 17. f4 {[%emt 0:29:02]} Qg7 {[%emt 0:24:37]} 18. e5 {[%emt 0:13:13]} dxe5 {[%emt 0:03:01]} 19. d6 {[%emt 0:00:03]} Ne6 {[%emt 0:00:17]} 20. Qd5 {[%emt 0:01:12]} Rb8 {[%emt 0:03:39]} 21. Qxe5 {[%emt 0:00:52]} Nd4 {[%emt 0:07:09]} 22. Bc4 {[%emt 0:00:34]} Be6 $11 {[%emt 0:02:59]} 23. Bd5 {[%emt 0:06:00]} Rfe8 {[%emt 0:05:03]} 24. Ne4 {[%emt 0:00:02]} Qxe5 {[%emt 0:02:11]} 25. fxe5 {[%emt 0:00:01]} Bxd5 {[%emt 0:00:14]} 26. Nf6+ {[%emt 0:00:03]} Kg7 {[%emt 0:00:45]} 27. Nxd5 {[%emt 0:00:37]} Rxe5 {[%emt 0:00:10]} 28. Nf6 {[%emt 0:00:10]} Re6 {[%emt 0:01:33]} 0-1

[Event "Nacional Masters POR 2017-18"]
[Site "Cascais"]
[Date "2018.08.14"]
[Round "5"]
[White "Dias, Ivo Rodrigues"]
[Black "Martins, Bruno Andre Leite"]
[Result "1/2-1/2"]
[WhiteElo "2164"]
[BlackElo "2158"]
[Annotator "NA"]
[PlyCount "29"]
[EventDate "2018.08.11"]
[EventType "tourn"]
[EventCountry "POR"]
[SourceTitle "playchess.com"]
[Source "ChessBase"]
[SourceQuality "1"]
[TimeControl "5400+30"]

1. e4 {[%emt 0:00:00]} c5 {[%emt 0:00:00]} 2. Nf3 {[%emt 0:00:00]} Nc6 {[%emt 0:00:06]} 3. d4 {[%emt 0:00:00]} cxd4 {[%emt 0:00:07]} 4. Nxd4 {[%emt 0:00:00]} e5 {[%emt 0:00:10]} 5. Nb5 {[%emt 0:00:04]} a6 {[%emt 0:00:12]} 6. Nd6+ {[%emt 0:00:12]} Bxd6 {[%emt 0:00:07]} 7. Qxd6 {[%emt 0:00:05]} Qf6 {[%emt 0:00:14]} 8. Qd2 {[%emt 0:00:59]} Nge7 {[%emt 0:00:16]} 9. c4 {[%emt 0:06:05]} Nd4 {[%emt 0:06:42]} 10. Nc3 {[%emt 0:00:38]} O-O {[%emt 0:07:19]} 11. Bd3 {[%emt 0:07:59]} Qg6 {[%emt 0:10:36]} 12. f3 {[%emt 0:09:34]} d6 {[%emt 0:09:20]} 13. O-O {[%emt 0:08:29]} f5 {[%emt 0:09:28]} 14. Qg5 {[%emt 0:13:23]} Nec6 {[%emt 0:18:32]} 15. Nd5 {[%emt 0:17:17]} 1/2-1/2

[Event "Nacional Masters POR 2017-18"]
[Site "Cascais"]
[Date "2018.08.14"]
[Round "5"]
[White "Guerra, Vitor Manuel Vestia"]
[Black "Padeiro, Jose Joao Tato"]
[Result "0-1"]
[WhiteElo "2127"]
[BlackElo "2241"]
[Annotator "NA"]
[PlyCount "56"]
[EventDate "2018.08.11"]
[EventType "tourn"]
[EventCountry "POR"]
[SourceTitle "playchess.com"]
[Source "ChessBase"]
[SourceQuality "1"]
[TimeControl "5400+30"]

1. d4 {[%emt 0:00:00]} Nf6 {[%emt 0:00:00]} 2. Nf3 {[%emt 0:00:07]} e6 {[%emt 0:00:00]} 3. g3 {[%emt 0:01:28]} d5 {[%emt 0:00:20]} 4. Bg2 {[%emt 0:00:39]} Be7 {[%emt 0:00:06]} 5. O-O {[%emt 0:00:26]} O-O {[%emt 0:00:05]} 6. c4 {[%emt 0:00:36]} c6 {[%emt 0:00:10]} 7. Nc3 {[%emt 0:00:52]} b6 {[%emt 0:00:15]} 8. b3 {[%emt 0:01:25]} Bb7 {[%emt 0:01:03]} 9. cxd5 {[%emt 0:01:12]} cxd5 {[%emt 0:01:02]} 10. Bf4 {[%emt 0:01:13]} Nc6 {[%emt 0:01:51]} 11. Rc1 {[%emt 0:01:37]} Rc8 {[%emt 0:04:55]} 12. Na4 {[%emt 0:12:11]} Ne4 {[%emt 0:05:30]} 13. Ne5 {[%emt 0:01:33]} Nb4 {[%emt 0:16:45]} 14. f3 {[%emt 0:04:58]} Nd6 {[%emt 0:01:28]} 15. Rxc8 {[%emt 0:03:53]} Qxc8 {[%emt 0:01:27]} 16. Qd2 {[%emt 0:00:04]} Nb5 {[%emt 0:08:22]} 17. Rc1 {[%emt 0:00:56]} Qa8 {[%emt 0:00:50]} 18. Qb2 {[%emt 0:10:49]} f6 {[%emt 0:04:20]} 19. Nd7 {[%emt 0:19:03]} Rd8 {[%emt 0:01:06]} 20. Bh3 {[%emt 0:00:07]} Kf7 {[%emt 0:00:32]} 21. Nac5 {[%emt 0:08:45]} bxc5 {[%emt 0:01:10]} 22. Nxc5 {[%emt 0:00:50]} f5 {[%emt 0:05:55]} 23. Nxe6 {[%emt 0:03:09]} Kxe6 {[%emt 0:00:26]} 24. Bxf5+ {[%emt 0:00:05]} Kxf5 {[%emt 0:05:07]} 25. Qb1+ {[%emt 0:00:06]} Ke6 {[%emt 0:00:09]} 26. Qxh7 {[%emt 0:00:21]} Bf6 {[%emt 0:04:42]} 27. a4 {[%emt 0:08:20]} Rc8 {[%emt 0:05:28]} 28. Qh3+ {[%emt 0:01:49] Ke5} Ke7 {[%emt 0:00:23]} 0-1